| 000 | 01141nam2a22002531 4500 | ||
|---|---|---|---|
| 001 | RU\NLR\INFOCOMM5\1000336044 | ||
| 005 | 20250617051311.0 | ||
| 010 |
_a5-94067-057-1 _9150 |
||
| 035 | _a(NLR Aleph) 002475739 | ||
| 090 |
_a2378552 _c2378552 |
||
| 100 | _a20040412d2001 |||y0rusy50 ca | ||
| 101 | 0 | _arus | |
| 102 | _aRU | ||
| 105 | _ay ||||||||| | ||
| 200 | 0 | _a№ 2 | |
| 210 |
_d2001 _aБ. м. |
||
| 461 | 0 |
_1001RU\NLR\INFOCOMM5\1000336042 _12001#$aЛатиноамериканский исторический альманах$dAlmanaque historico latinoamericano$fРос. акад. наук, Ин-т всеобщ. истории. Центр латиноамер. исслед.$zspa$v№ 2 _92378535 _cМ. _d2000- _fРос. акад. наук, Ин-т всеобщ. истории. Центр латиноамер. исслед. _lAlmanaque histórico latinoamericano _nИВИ _tЛатиноамериканский исторический альманах _x2305-8773 _v№ 2 |
|
| 801 | 1 |
_aRU _bInfoComm _c20040412 |
|
| 801 | 0 |
_aRU _bNLR _gPSBO |
|
| 852 |
_aNLR _jП22/7454 |
||
| 942 | _cISSUE | ||
| 980 | _aNB | ||
| 980 | _aRUSPER | ||